[Event "Sao Paulo STD U2200 op 5th"]
[Site "Sao Paulo"]
[Date "2019.08.31"]
[Round "4"]
[White "Ishikawa, Emilio Keiji"]
[Black "Miranda, Raul"]
[Result "1-0"]
[WhiteElo "1689"]
[BlackElo "1594"]
[PlyCount "107"]
[EventDate "2019.08.30"]
[EventType "swiss"]
[EventRounds "6"]
[EventCountry "BRA"]
[SourceTitle "CBM 195 Extra"]
[Source "ChessBase"]
[SourceDate "2020.05.31"]
[SourceVersion "1"]
[SourceVersionDate "2020.05.31"]
[SourceQuality "1"]

1. d4 d5 2. c4 e5 3. dxe5 d4 4. Nf3 Nc6 5. g3 Bf5 6. a3 Be7 7. Bg2 d3 8. e3 Bg4 9. Qa4 Kf8 10. Nbd2 h5 11. h3 Bf5 12. b4 a6 13. Bb2 Rh6 14. Qb3 Be6 15. Qc3 f6 16. Nd4 fxe5 17. Nxe6+ Rxe6 18. 0-0 Bf6 19. Ne4 Rb8 20. Rad1 Qe8 21. b5 Nce7 22. a4 Rd8 23. Ba3 Kf7 24. f4 exf4 25. Rxf4 Kg6 26. Nxf6 Nxf6 27. Rxd3 axb5 28. Qc2 Kh6 29. axb5 Ng6 30. Rxd8 Qxd8 31. Rd4 Qe8 32. Bc1 c6 33. e4+ Kh7 34. bxc6 bxc6 35. c5 Qb8 36. Bf4 Nxf4 37. gxf4 Kh8 38. e5 Ng8 39. Qd1 Qe8 40. Qd3 Qf8 41. Qc2 Qf7 42. Qe4 Rg6 43. f5 Rg3 44. Kh2 Rc3 45. e6 Qe7 46. Qh4 Qc7+ 47. Qf4 Qxf4+ 48. Rxf4 Rxc5 49. Re4 Ne7 50. Rd4 Nxf5 51. Rd8+ Kh7 52. Be4 Kh6 53. Bxf5 Rxf5 54. e7 1-0

[Event "Sao Paulo STD U2200 op 3rd"]
[Site "Sao Paulo"]
[Date "2018.10.12"]
[Round "2"]
[White "Nabhan, Pedro Chen"]
[Black "Miranda, Raul"]
[Result "1-0"]
[WhiteElo "1781"]
[BlackElo "1579"]
[PlyCount "111"]
[EventDate "2018.10.12"]
[EventType "swiss"]
[EventRounds "6"]
[EventCountry "BRA"]
[SourceTitle "EXT 2021"]
[Source "ChessBase"]
[SourceDate "2020.10.23"]
[SourceVersion "1"]
[SourceVersionDate "2020.10.23"]
[SourceQuality "1"]

1. e4 c6 2. c4 d5 3. exd5 cxd5 4. cxd5 Qxd5 5. Nc3 Qa5 6. Nf3 e5 7. Bc4 Be7 8. 0-0 Nf6 9. Re1 Nc6 10. d4 0-0 11. d5 Qc5 12. Nxe5 Nxe5 13. Rxe5 Bd6 14. Ne4 Nxe4 15. Rxe4 Bf5 16. Be3 Qc7 17. Rh4 Qe7 18. Qh5 Bg6 19. Qg4 Rfe8 20. Bd4 Qe4 21. Qxe4 Bxe4 22. f3 Bf5 23. Rd1 Be7 24. Rf4 g6 25. h4 Bd6 26. Rxf5 gxf5 27. Bd3 Bg3 28. Bxf5 Bxh4 29. g4 Re1+ 30. Rxe1 Bxe1 31. Be5 Rd8 32. d6 Bb4 33. d7 Be7 34. Bc7 Rf8 35. Be4 b6 36. Bb7 Kg7 37. Bc8 f6 38. Bb8 a5 39. Bc7 Bd8 40. Bxd8 Rxd8 41. Kf2 Kf7 42. Ke3 Ke7 43. Kd4 Kd6 44. a4 Rg8 45. Ke4 Kc7 46. Kf5 Kd8 47. f4 h6 48. Kxf6 Rxg4 49. f5 h5 50. Ke6 Rxa4 51. f6 Rf4 52. f7 b5 53. Ba6 b4 54. Be2 h4 55. Bg4 a4 56. Bf5 1-0

[Event "Sao Paulo STD U2200 op 2nd"]
[Site "Sao Paulo"]
[Date "2018.09.09"]
[Round "4"]
[White "Miranda, Raul"]
[Black "Agrela, Joao Paulo Amorim"]
[Result "1/2-1/2"]
[WhiteElo "1570"]
[BlackElo "1659"]
[PlyCount "111"]
[EventDate "2018.09.08"]
[EventType "swiss"]
[EventRounds "6"]
[EventCountry "BRA"]
[SourceTitle "EXT 2021"]
[Source "ChessBase"]
[SourceDate "2020.10.23"]
[SourceVersion "1"]
[SourceVersionDate "2020.10.23"]
[SourceQuality "1"]

1. e4 e5 2. Nf3 Nc6 3. Bc4 Bc5 4. 0-0 Nf6 5. d3 d6 6. h3 h6 7. c3 Be6 8. Bxe6 fxe6 9. b4 Bb6 10. Nbd2 0-0 11. a4 a6 12. Nc4 Ba7 13. Qb3 b5 14. Ne3 Qd7 15. Bd2 Ne7 16. axb5 axb5 17. Ra2 Bxe3 18. Bxe3 Rxa2 19. Qxa2 c6 20. Ra1 Rc8 21. Qb3 Kf7 22. Bb6 Rb8 23. Be3 Nc8 24. Ra6 Qb7 25. Qa2 Nd7 26. Nh4 Kf6 27. Ra3 Ndb6 28. Bxb6 Qxb6 29. Qe2 g5 30. Nf3 Rb7 31. Nh2 Kg6 32. h4 Ra7 33. h5+ Kg7 34. Rxa7+ Qxa7 35. Ng4 Qf7 36. Ne3 d5 37. exd5 exd5 38. Ng4 Qf4 39. Nxe5 Qc1+ 40. Kh2 Qxc3 41. Ng6 Qf6 42. Qe8 Nb6 43. Qh8+ Kf7 44. Qxh6 Nd7 45. Qh7+ Qg7 46. Nh8+ Kf6 47. Qxg7+ Kxg7 48. Ng6 c5 49. bxc5 Nxc5 50. Ne5 b4 51. d4 Ne6 52. Nd3 b3 53. Kg1 Nxd4 54. Kf1 g4 55. Ke1 Kh6 56. Kd2 1/2-1/2

[Event "Sao Paulo STD U2200 op 2nd"]
[Site "Sao Paulo"]
[Date "2018.09.08"]
[Round "1"]
[White "Silva, Kaua Marques"]
[Black "Miranda, Raul"]
[Result "0-1"]
[WhiteElo "1904"]
[BlackElo "1570"]
[PlyCount "112"]
[EventDate "2018.09.08"]
[EventType "swiss"]
[EventRounds "6"]
[EventCountry "BRA"]
[SourceTitle "EXT 2021"]
[Source "ChessBase"]
[SourceDate "2020.10.23"]
[SourceVersion "1"]
[SourceVersionDate "2020.10.23"]
[SourceQuality "1"]

1. e4 c6 2. d4 d5 3. Nd2 dxe4 4. Nxe4 Bf5 5. Ng3 Bg6 6. h4 h6 7. h5 Bh7 8. Bc4 e6 9. c3 Bd6 10. Qg4 Qf6 11. Ne4 Bxe4 12. Qxe4 Nd7 13. d5 Qe5 14. Qxe5 Nxe5 15. Be2 exd5 16. Be3 Nf6 17. 0-0-0 a6 18. Bd4 0-0-0 19. f4 Ned7 20. Nh3 Bc5 21. c4 Bxd4 22. Rxd4 Rhe8 23. Bf3 c5 24. Rd2 Ne4 25. Rxd5 Nef6 26. Rd6 Kc7 27. Rhd1 Re6 28. Rxe6 fxe6 29. Re1 Re8 30. Nf2 b5 31. cxb5 axb5 32. Nd3 c4 33. Ne5 Nc5 34. Rd1 Rd8 35. Rxd8 Kxd8 36. Kc2 Nd5 37. Nc6+ Kc7 38. Bxd5 exd5 39. Nd4 b4 40. g4 Kd7 41. g5 Ke8 42. gxh6 gxh6 43. Nc6 b3+ 44. axb3 cxb3+ 45. Kc3 Kf7 46. Ne5+ Kf6 47. Kb4 Ne6 48. Nd3 Kf5 49. Kxb3 Nxf4 50. Nxf4 Kxf4 51. Kc3 Ke3 52. b4 d4+ 53. Kc4 d3 54. Kd5 d2 55. Ke5 d1Q 56. Kf6 Qxh5 0-1

[Event "Sao Paulo STD U2200 op 2nd"]
[Site "Sao Paulo"]
[Date "2018.09.08"]
[Round "3"]
[White "Van Riemsdijk, Marius Rombout"]
[Black "Miranda, Raul"]
[Result "1-0"]
[WhiteElo "1719"]
[BlackElo "1570"]
[PlyCount "97"]
[EventDate "2018.09.08"]
[EventType "swiss"]
[EventRounds "6"]
[EventCountry "BRA"]
[SourceTitle "EXT 2021"]
[Source "ChessBase"]
[SourceDate "2020.10.23"]
[SourceVersion "1"]
[SourceVersionDate "2020.10.23"]
[SourceQuality "1"]

1. e4 c6 2. d4 d5 3. Nd2 dxe4 4. Nxe4 Bf5 5. Ng3 Bg6 6. h4 h6 7. h5 Bh7 8. Nf3 Nd7 9. Bd3 Bxd3 10. Qxd3 Ngf6 11. c4 e6 12. 0-0 Bd6 13. Ne4 Nxe4 14. Qxe4 Nf6 15. Qh4 Qc7 16. a3 a5 17. Re1 Be7 18. Bf4 Qd8 19. Qh3 0-0 20. Rad1 Nh7 21. Qg3 Ng5 22. Ne5 Kh8 23. Ng4 Bf6 24. Nxf6 gxf6 25. Bd6 Rg8 26. c5 Nh7 27. Qf4 Rg5 28. Qf3 Rf5 29. Qh3 Ng5 30. Qg4 Qg8 31. Kf1 Nh7 32. Qe2 Qg5 33. Rd3 Rg8 34. g3 Qxh5 35. Qxh5 Rxh5 36. Rb3 Rd5 37. Kg2 Rxd4 38. Rxb7 Ng5 39. Rc7 Rb8 40. Re2 Rb3 41. Rxc6 e5 42. Rb6 Rxb6 43. Bxe5 Re4 44. Rxe4 Nxe4 45. cxb6 Nc5 46. Bxf6+ Kg8 47. a4 Kf8 48. Bc3 Nb7 49. b4 1-0